| 000 | 01007cam a22003257a 4500 | ||
|---|---|---|---|
| 003 | CHAP | ||
| 005 | 20220329140646.0 | ||
| 008 | 971013s1984 r 00010 d | ||
| 010 | _a55503 | ||
| 011 | _a56475 | ||
| 035 | _a60628 | ||
| 040 | _cCHAP | ||
| 090 | _aFolleto 10418 | ||
| 100 | 0 | 0 |
_aSimmons, R. C. _9106179 |
| 245 | 1 | 2 | _aA laboratory rainfall simulator for pesticide studies |
| 260 |
_aOxford : _bWeed Research Organization, _c1984 |
||
| 300 |
_a(16) p. _b: ilus. |
||
| 490 | 0 |
_aTechnical report _v; 76 |
|
| 590 |
_aBATCH-UPD _b10 _c20130110 _lUCH01 _h0248 |
||
| 590 |
_aBATCH-UPD _b10 _c20130110 _lUCH01 _h1427 |
||
| 590 |
_aBATCH-UPD _b10 _c20130410 _lUCH01 _h1548 |
||
| 590 |
_aBATCH-UPD _b10 _c20130914 _lUCH01 _h0421 |
||
| 590 |
_aCONVERSION _b10 _c20130109 _lUCH01 _h1330 |
||
| 650 | 1 | 4 |
_aAspersores. _98126 |
| 650 | 1 | 4 |
_aLluvia _xSimulación. _967339 |
| 830 | 0 |
_aTechnical report _v; 76 _9111907 |
|
| 901 | _aBK | ||
| 942 | _cFOLL | ||
| 949 |
_aFolleto 10418 _bBC _cFOLL _d-130570 _eTS1 _i60628 _si |
||
| 999 |
_c55503 _d55503 |
||